Monaco Goalkeeper By Year - Statistics

General Stats
  • This quiz has been taken 182 times
    38 since last reset
  • The average score is 21 of 58
Answer Stats
Season Goalkeeper % Correct
2017-18 Danijel Subašić
96%
2016-17 Danijel Subašić
96%
2015-16 Danijel Subašić
96%
2014-15 Danijel Subašić
96%
2013-14 Danijel Subašić
96%
2020-21 Benjamin Lecomte
61%
2019-20 Benjamin Lecomte
61%
2022-23 Alexander Nübel
57%
2021-22 Alexander Nübel
57%
1999-00 Fabien Barthez
50%
1998-99 Fabien Barthez
50%
1997-98 Fabien Barthez
50%
1996-97 Fabien Barthez
50%
1995-96 Fabien Barthez
50%
2024-25 Philipp Köhn
50%
2023-24 Philipp Köhn
50%
2007-08 Flavio Roma
43%
2006-07 Flavio Roma
43%
2004-05 Flavio Roma
43%
2003-04 Flavio Roma
43%
2002-03 Flavio Roma
43%
2001-02 Flavio Roma
43%
1993-94 Jean-Luc Ettori
29%
1992-93 Jean-Luc Ettori
29%
1991-92 Jean-Luc Ettori
29%
1990-91 Jean-Luc Ettori
29%
1989-90 Jean-Luc Ettori
29%
1988-89 Jean-Luc Ettori
29%
1987-88 Jean-Luc Ettori
29%
1986-87 Jean-Luc Ettori
29%
1985-86 Jean-Luc Ettori
29%
1984-85 Jean-Luc Ettori
29%
1983-84 Jean-Luc Ettori
29%
1982-83 Jean-Luc Ettori
29%
1981-82 Jean-Luc Ettori
29%
1980-81 Jean-Luc Ettori
29%
1979-80 Jean-Luc Ettori
29%
1978-79 Jean-Luc Ettori
29%
1977-78 Jean-Luc Ettori
29%
2010-11 Stéphane Ruffier
29%
2009-10 Stéphane Ruffier
29%
2008-09 Stéphane Ruffier
29%
2018-19 Diego Benaglio
25%
2000-01 Stéphane Porato
25%
2005-06 Guillaume Warmuz
14%
1974-75 Christian Montes
11%
1973-74 Christian Montes
11%
1994-95 Fabien Piveteau
11%
1967-68 Jean-Claude Hernandez
11%
1966-67 Jean-Claude Hernandez
11%
1965-66 Jean-Claude Hernandez
11%
1964-65 Jean-Claude Hernandez
11%
1963-64 Jean-Claude Hernandez
11%
1962-63 Jean-Claude Hernandez
11%
1961-62 Jean-Claude Hernandez
11%
1971-72 Jean-Pierre Carayon
11%
1968-69 Jean-Pierre Carayon
11%
1975-76 Yves Chauveau
11%
No matching quizzes found
Score Distribution
Percent of People with Each Score
Percentile by Number Answered
Your Score History
You have not taken this quiz since the last reset